Southville International School and Colleges
Your cart is empty.
  • Cart
  • Lists
    Public lists Eva Luna New books Lux_list list_1
    Your lists Log in to create your own lists
  • Log in to your account
  • Your cookies
  • Search history
Southville International School and Colleges
  • Advanced search
  • Recent comments
  • Most popular
  • Libraries

Log in to your account

Log in with GOOGLE


If you do not have an external account, but do have a local account, you can still log in:

  1. Home
  2. MARC view: College accounting 1 :
Normal view MARC view ISBD view

College accounting 1 : (Record no. 293214)

[ view plain ]
MARC details
000 -LEADER
fixed length control field 00829nam a2200229Ia 4500
008 - FIXED-LENGTH DATA ELEMENTS--GENERAL INFORMATION
fixed length control field 160404s9999 xx 000 0 und d
020 ## - INTERNATIONAL STANDARD BOOK NUMBER
International Standard Book Number 971-08-6361-4
050 ## - LIBRARY OF CONGRESS CALL NUMBER
Classification number FIL HF 5635
050 ## - LIBRARY OF CONGRESS CALL NUMBER
Item number .H37 2003
100 ## - MAIN ENTRY--PERSONAL NAME
Personal name Harina, Ricardo M.
245 ## - TITLE STATEMENT
Title College accounting 1 :
245 ## - TITLE STATEMENT
Remainder of title single proprietorship for service and merchandising businesses, special journals, voucher system and payroll accounting for B.S. accountancy students : includes computerized accounting and payroll : programs using microsoft exl spreadsheet : program in tw
245 ## - TITLE STATEMENT
Statement of responsibility, etc Ricardo M. Harina.
260 ## - PUBLICATION, DISTRIBUTION, ETC. (IMPRINT)
Place of publication, distribution, etc Mandaluyong:
260 ## - PUBLICATION, DISTRIBUTION, ETC. (IMPRINT)
Name of publisher, distributor, etc National Book Store,
260 ## - PUBLICATION, DISTRIBUTION, ETC. (IMPRINT)
Date of publication, distribution, etc 2003
300 ## - PHYSICAL DESCRIPTION
Extent 256 pages :
300 ## - PHYSICAL DESCRIPTION
Other physical details illustrations ;
300 ## - PHYSICAL DESCRIPTION
Dimensions 25 cm.
650 ## - SUBJECT ADDED ENTRY--TOPICAL TERM
Topical term or geographic name as entry element Accounting.
650 ## - SUBJECT ADDED ENTRY--TOPICAL TERM
General subdivision Accounting -- Problems, exercises, etc.
Holdings
Withdrawn status Lost status Damaged status Home library Current library Shelving location Date acquired Cost, normal purchase price Total Checkouts Full call number Barcode Date last seen Price effective from Koha item type
      South Mansfield College South Mansfield College Filipiniana Section   295.00   FIL HF 5635 .H37 2003 SMC00073 04/04/2016 04/04/2016  

College accounting 1 :

APA

Harina R. M., .College accounting 1. Mandaluyong: .

Chicago

Harina Ricardo M, .College accounting 1. Mandaluyong: .

Harvard

Harina R. M., .College accounting 1. Mandaluyong: .

MLA

Harina Ricardo M, .Mandaluyong: . .

  • Place hold
  • Print
  • Cite
  • Add to your cart (remove)
  • Save record
    BIBTEX Dublin Core MARCXML MARC (non-Unicode/MARC-8) MARC (Unicode/UTF-8) MARC (Unicode/UTF-8, Standard) MODS (XML) RIS
  • More searches
    Search for this title in:
    Other Libraries (WorldCat) Other Databases (Google Scholar) Online Stores (Bookfinder.com) Open Library (openlibrary.org)

Exporting to Dublin Core...

SOUTHVILLE LIBRARY

Southville International School and Colleges Library

1281 Tropical Ave. Cor. Luxembourg St., BF Homes International, Las Pinas City

Tel. No. 8256374 / 252358 Loc. 117/146

Powered by Koha